00449 a2200169 450000100060000002000150000604000220002110000220004324000200006524500150008530000080010036200090010865000150011794200070013295201230013999900170026262170 a8520100155 cAnchieta - Pituba aGardner, Eldon J.10aGenéticalpor10aGenética a5030 a1977 4aGenética cBK 00104070a91.1b91.1d2023-11-21l2o576.5 G226g GAR GENp14779/PITr2024-05-23 10:38:08s2024-05-15w2023-11-21yBK c62170d62170